Microeconomia/ (Registro nro. 7929)
[ vista simple ]
| 000 -LEADER | |
|---|---|
| fixed length control field | 01631nam a2200217Ia 4500 |
| 005 - FECHA Y HORA DE LA ÚLTIMA TRANSACCIÓN | |
| control field | 20241022175422.0 |
| 008 - FIXED-LENGTH DATA ELEMENTS--GENERAL INFORMATION | |
| fixed length control field | 230420s9999 xx 000 0 und d |
| 020 ## - INTERNATIONAL STANDARD BOOK NUMBER | |
| International Standard Book Number | 8420531316 |
| 040 ## - CATALOGING SOURCE | |
| Original cataloging agency | UPAN |
| Transcribing agency | Biblioteca San Vicente |
| Description conventions | RCAA2 |
| 041 ## - LANGUAGE CODE | |
| Language code of text/sound track or separate title | spa |
| 082 ## - DEWEY DECIMAL CLASSIFICATION NUMBER | |
| Classification number | 338.519 |
| Item number | P563m |
| año de publicación | 2001 |
| 100 ## - MAIN ENTRY--PERSONAL NAME | |
| Personal name | Pindyck, Robert S. |
| Relator code | aut. |
| 245 #0 - TITLE STATEMENT | |
| Title | Microeconomia/ |
| Remainder of title | Robert S. Pindyck |
| 250 ## - EDITION STATEMENT | |
| Edition statement | 5° ed. |
| 260 ## - PUBLICATION, DISTRIBUTION, ETC. (IMPRINT) | |
| Place of publication, distribution, etc | España: |
| Name of publisher, distributor, etc | Pearson, |
| Date of publication, distribution, etc | 2001 |
| 300 ## - PHYSICAL DESCRIPTION | |
| Extent | 760 p.: |
| Dimensions | 26 cm. |
| 505 ## - FORMATTED CONTENTS NOTE | |
| Formatted contents note | Parte 1. Introducciòn: Los mercados y los precios<br/>1. Prolegòmenos<br/>2. Los elementos bàsicos de la oferta y la demanda<br/>Parte 2. Los productores, los consumidores y la oferta competitiva<br/>3. La conducta de los consumidores<br/>4. La demanda individual y del mercado<br/>5. La elecciòn en condiciones de incertidumbre<br/>6. La producciòn<br/>7. El coste de producciòn<br/>8. La maximizaciòn de los beneficios y la oferta competitiva<br/>9. El anàlisis de los mercados competitivos<br/>Parte 3. Competitividad estratègica y estructura de mercado<br/>10. El poder de mercado: el monopolio y el monopsonio<br/>11. La fijaciòn de los precios con poder de mercado<br/>12. La competencia monopolìstica y el oligopolio<br/>13. La teorìa de los juegos y la estrategia competitiva<br/>14. Los mercados de factores<br/>15. La inversiòn, el tiempo y los mercados de capital<br/>Parte 4. La informaciòn, los fallos del mercado y el papel del Estado<br/>16. El equilibrio general y la eficiencia econòmica<br/>17. Los mercados con informaciòn asimètrica<br/>18. Las externalidades y los bienes pùblicos |
| 650 ## - SUBJECT ADDED ENTRY--TOPICAL TERM | |
| Source of heading or term | LEMB |
| Topical term or geographic name as entry element | Economia |
| 700 ## - ADDED ENTRY--PERSONAL NAME | |
| Personal name | Rubinfeld, Daniel L. |
| Relator code | col. |
| 942 ## - ADDED ENTRY ELEMENTS (KOHA) | |
| Koha item type | Libros |
| Source of classification or shelving scheme | Dewey Decimal Classification |
| Withdrawn status | Lost status | Source of classification or shelving scheme | Damaged status | Not for loan | Collection code | Home library | Current library | Date acquired | Total Checkouts | Full call number | Barcode | Date last seen | Price effective from | Koha item type |
|---|---|---|---|---|---|---|---|---|---|---|---|---|---|---|
| Dewey Decimal Classification | Colección General | Biblioteca UPAN San Vicente | Biblioteca UPAN San Vicente | 20/04/2023 | 338.519 P563m | 12000451 | 20/04/2023 | 20/04/2023 | Libros | |||||
| Dewey Decimal Classification | Colección General | Biblioteca UPAN San Vicente | Biblioteca UPAN San Vicente | 20/04/2023 | 338.519 P563m | 12000452 | 24/04/2023 | 20/04/2023 | Libros |